[Event "Hyderabad Murthy Raju Memorial"]
[Site "Hyderabad"]
[Date "2024.07.28"]
[Round "8"]
[White "Vigneshwaran, S."]
[Black "Vignesh, Advaith Vemula"]
[Result "0-1"]
[WhiteElo "1783"]
[BlackElo "2048"]
[PlyCount "92"]
[EventDate "2024.07.27"]
[EventType "swiss (rapid)"]
[EventRounds "9"]
[EventCountry "IND"]
[SourceTitle "CBM 221 Extra"]
[Source "ChessBase"]
[SourceDate "2024.09.30"]
[SourceVersion "1"]
[SourceVersionDate "2024.09.30"]
[SourceQuality "1"]

1. Nf3 d5 2. c4 e6 3. g3 Nf6 4. Bg2 Be7 5. 0-0 0-0 6. b3 b6 7. Bb2 Bb7 8. cxd5 Nxd5 9. Nc3 c5 10. Nxd5 Bxd5 11. d3 Nd7 12. Qc2 Rc8 13. Nd2 Nf6 14. e4 Bc6 15. Nc4 Nd7 16. f4 Qc7 17. a4 Rfd8 18. Rad1 a6 19. Ne3 b5 20. axb5 axb5 21. Qe2 Bf6 22. e5 Be7 23. f5 Bg5 24. h4 Bxe3+ 25. Qxe3 Bxg2 26. Kxg2 Qc6+ 27. Kh2 exf5 28. Rxf5 Nf8 29. Rdf1 Rd7 30. d4 cxd4 31. Bxd4 Ne6 32. Bb2 Rcd8 33. R5f2 Rd3 34. Qa7 Qd7 35. Qb6 Rxb3 36. Bc1 Qd3 37. Rf3 Qxf3 38. Rxf3 Rxf3 39. Bg5 Rc8 40. Qxb5 h6 41. Be7 Rc2+ 42. Kh3 Rcc3 43. Qe8+ Kh7 44. Kh2 Nf4 45. gxf4 Rc2+ 46. Kg1 Rb3 0-1

[Event "Mumbai Wealth U2050 op 5th"]
[Site "Mumbai"]
[Date "2020.01.04"]
[Round "3"]
[White "Om, Nagnath Lamkane"]
[Black "Vigneshwaran, S."]
[Result "1/2-1/2"]
[WhiteElo "1625"]
[BlackElo "1832"]
[PlyCount "81"]
[EventDate "2020.01.02"]
[EventType "swiss"]
[EventRounds "9"]
[EventCountry "IND"]
[SourceTitle "CBM 194 Extra"]
[Source "ChessBase"]
[SourceDate "2020.03.31"]
[SourceVersion "1"]
[SourceVersionDate "2020.03.31"]
[SourceQuality "1"]

1. e4 e5 2. Nf3 Nc6 3. Bb5 a6 4. Ba4 Nf6 5. d3 b5 6. Bb3 Bc5 7. 0-0 d6 8. c3 0-0 9. Re1 Bb7 10. Nbd2 d5 11. exd5 Nxd5 12. Nxe5 Nxe5 13. Rxe5 f6 14. Rh5 g6 15. Rh6 Re8 16. Ne4 Bf8 17. Rh3 f5 18. Bg5 Be7 19. Bxe7 Qxe7 20. Ng3 Kh8 21. Qd2 Rad8 22. Nf1 Nf6 23. Re3 Qd6 24. Rxe8+ Rxe8 25. Re1 Rxe1 26. Qxe1 Qxd3 27. Qe7 Qd6 28. Qf7 Bd5 29. Bxd5 Nxd5 30. Ne3 Nxe3 31. fxe3 Qd1+ 32. Kf2 Qd6 33. Kf3 c6 34. h4 a5 35. a3 a4 36. Kf2 h6 37. Ke2 h5 38. g3 Qxg3 39. Qf8+ Kh7 40. Qf7+ Kh8 41. Qf8+ 1/2-1/2

[Event "Mumbai Wealth op 3rd"]
[Site "Mumbai"]
[Date "2018.01.06"]
[Round "8"]
[White "Vigneshwaran, S."]
[Black "Varshini, Veileven"]
[Result "1/2-1/2"]
[WhiteElo "1885"]
[BlackElo "2056"]
[PlyCount "102"]
[EventDate "2017.12.30"]
[EventType "swiss"]
[EventRounds "9"]
[EventCountry "IND"]
[SourceTitle "CBM 182 Extra"]
[Source "ChessBase"]
[SourceDate "2018.02.23"]
[SourceVersion "1"]
[SourceVersionDate "2018.02.23"]
[SourceQuality "1"]

1. d4 d5 2. c4 e6 3. Nf3 Nf6 4. Nc3 Be7 5. Bf4 a6 6. c5 0-0 7. h3 Ne4 8. e3 b6 9. cxb6 cxb6 10. Nxe4 dxe4 11. Nd2 Bb7 12. Be2 Nd7 13. 0-0 Nf6 14. Bg5 h6 15. Bxf6 Bxf6 16. Rc1 e5 17. dxe5 Bxe5 18. Nc4 Bc7 19. Qxd8 Raxd8 20. Na5 bxa5 21. Rxc7 Rd2 22. Rxb7 Rxe2 23. Rd1 Rc8 24. g4 Rc6 25. Rd8+ Kh7 26. Kf1 Rec2 27. Rxf7 Rxb2 28. h4 Rb1+ 29. Kg2 Rg6 30. Rf4 h5 31. g5 Re6 32. Rf5 Rc6 33. Rd4 Rb5 34. Rdd5 Rb1 35. Rfe5 Rc2 36. Rxa5 Rbb2 37. Rf5 Rxa2 38. Rxa2 Rxa2 39. Re5 Ra4 40. Kg3 a5 41. Kf4 Ra2 42. Kg3 Ra4 43. Kf4 Ra2 44. Kxe4 Rxf2 45. Rxa5 Rh2 46. Kf5 Rf2+ 47. Ke5 Rf3 48. e4 Rh3 49. Kf5 Rf3+ 50. Ke5 Rh3 51. Kf5 Rf3+ 1/2-1/2

[Event "Mumbai Wealth op 3rd"]
[Site "Mumbai"]
[Date "2018.01.05"]
[Round "7"]
[White "Masango, Spencer"]
[Black "Vigneshwaran, S."]
[Result "1/2-1/2"]
[WhiteElo "2253"]
[BlackElo "1885"]
[PlyCount "116"]
[EventDate "2017.12.30"]
[EventType "swiss"]
[EventRounds "9"]
[EventCountry "IND"]
[SourceTitle "CBM 182 Extra"]
[Source "ChessBase"]
[SourceDate "2018.02.23"]
[SourceVersion "1"]
[SourceVersionDate "2018.02.23"]
[SourceQuality "1"]

1. Nf3 Nf6 2. c4 e6 3. g3 d5 4. Bg2 Be7 5. 0-0 0-0 6. d4 dxc4 7. Qc2 a6 8. Qxc4 b5 9. Qc2 Bb7 10. Bd2 Ra7 11. Ba5 Be4 12. Qc1 Nc6 13. Bd2 Bxf3 14. exf3 Nxd4 15. Kh1 c5 16. Nc3 Rd7 17. Rd1 Qb6 18. Re1 Rfd8 19. Be3 c4 20. a4 Bc5 21. axb5 axb5 22. Bxd4 Bxd4 23. Re2 Bxf2 24. Nxb5 Bxg3 25. hxg3 Qxb5 26. Bf1 Nh5 27. Kg2 Qb8 28. Qe1 Rd5 29. Rc2 Rg5 30. g4 Nf4+ 31. Kg1 Nd3 32. Qe4 Qb6+ 33. Kg2 Re5 34. Bxd3 cxd3 35. Qxe5 dxc2 36. Qc3 h5 37. Qxc2 hxg4 38. fxg4 Qb4 39. Kh3 Rb8 40. Rb1 Qb3+ 41. Qxb3 Rxb3+ 42. Kg2 Kh7 43. Kf2 Kg6 44. Ke2 Kg5 45. Kd2 Kxg4 46. Kc2 Rb7 47. Rg1+ Kf3 48. Rxg7 e5 49. Kd1 Kf2 50. Rh7 Rd7+ 51. Kc2 e4 52. b4 e3 53. Rh5 e2 54. Rf5+ Ke3 55. Re5+ Kf3 56. b5 f6 57. Re6 f5 58. b6 Kf2 1/2-1/2

[Event "Mumbai Wealth op 3rd"]
[Site "Mumbai"]
[Date "2018.01.04"]
[Round "6"]
[White "Vigneshwaran, S."]
[Black "Matta, Vinay Kumar"]
[Result "1/2-1/2"]
[WhiteElo "1885"]
[BlackElo "2306"]
[PlyCount "83"]
[EventDate "2017.12.30"]
[EventType "swiss"]
[EventRounds "9"]
[EventCountry "IND"]
[SourceTitle "CBM 182 Extra"]
[Source "ChessBase"]
[SourceDate "2018.02.23"]
[SourceVersion "1"]
[SourceVersionDate "2018.02.23"]
[SourceQuality "1"]

1. d4 Nf6 2. c4 e6 3. g3 d5 4. Nf3 Bb4+ 5. Bd2 Be7 6. Bg2 0-0 7. Qc2 b6 8. cxd5 exd5 9. 0-0 c5 10. Bg5 Nc6 11. Nc3 cxd4 12. Nb5 Bc5 13. Rfd1 h6 14. Bf4 g5 15. Bc1 Ne4 16. e3 dxe3 17. Bxe3 Bg4 18. Re1 a6 19. Nbd4 Nb4 20. Qb3 Rc8 21. a3 Bxf3 22. axb4 Bxg2 23. bxc5 Nxc5 24. Qa3 Be4 25. f3 Bg6 26. b4 Nd3 27. Red1 Ne5 28. Qxa6 Rc3 29. Ra3 Rxa3 30. Qxa3 Qf6 31. Bf2 Rc8 32. Qa6 Rd8 33. Qe2 Ra8 34. Re1 Nd3 35. Qe7 Qxe7 36. Rxe7 Nxb4 37. Nb5 g4 38. fxg4 Be4 39. Bd4 Nc6 40. Rb7 Ra5 41. Rxb6 Rxb5 42. Rxc6 1/2-1/2

[Event "Mumbai Wealth op 3rd"]
[Site "Mumbai"]
[Date "2018.01.03"]
[Round "5"]
[White "Shashikant, Kutwal"]
[Black "Vigneshwaran, S."]
[Result "1-0"]
[WhiteElo "2172"]
[BlackElo "1885"]
[PlyCount "49"]
[EventDate "2017.12.30"]
[EventType "swiss"]
[EventRounds "9"]
[EventCountry "IND"]
[SourceTitle "CBM 182 Extra"]
[Source "ChessBase"]
[SourceDate "2018.02.23"]
[SourceVersion "1"]
[SourceVersionDate "2018.02.23"]
[SourceQuality "1"]

1. e4 c5 2. Nf3 d6 3. c3 Nf6 4. h3 g6 5. Bd3 Bg7 6. Bc2 Nc6 7. 0-0 0-0 8. d4 b6 9. d5 Nb8 10. a4 Bb7 11. Na3 Na6 12. Bf4 Nd7 13. Qd2 Re8 14. Bh6 Bh8 15. Ng5 Nc7 16. f4 Bg7 17. Bxg7 Kxg7 18. Rf2 Nf6 19. c4 h6 20. Nxf7 Kxf7 21. e5 Ncxd5 22. cxd5 Nxd5 23. e6+ Kxe6 24. Bb3 Kf6 25. f5 1-0

[Event "Mumbai Wealth op 3rd"]
[Site "Mumbai"]
[Date "2018.01.02"]
[Round "4"]
[White "Vigneshwaran, S."]
[Black "Wairagade, Khush"]
[Result "1-0"]
[WhiteElo "1885"]
[BlackElo "1519"]
[PlyCount "81"]
[EventDate "2017.12.30"]
[EventType "swiss"]
[EventRounds "9"]
[EventCountry "IND"]
[SourceTitle "CBM 182 Extra"]
[Source "ChessBase"]
[SourceDate "2018.02.23"]
[SourceVersion "1"]
[SourceVersionDate "2018.02.23"]
[SourceQuality "1"]

1. Nf3 Nf6 2. c4 e6 3. g3 d5 4. Bg2 Be7 5. b3 0-0 6. Bb2 c6 7. 0-0 Nbd7 8. d3 b6 9. Nbd2 Bb7 10. Rc1 c5 11. e3 Rc8 12. Rc2 dxc4 13. Nxc4 Nd5 14. a3 b5 15. Nce5 f6 16. Nxd7 Qxd7 17. Qe2 Rc7 18. Rfc1 Rfc8 19. e4 Nb6 20. Bh3 g6 21. d4 f5 22. exf5 exf5 23. dxc5 Rxc5 24. Rxc5 Rxc5 25. Rxc5 Bxc5 26. Bg2 Be4 27. Ng5 Bxg2 28. Kxg2 a6 29. f4 Qe7 30. Ne6 Nd7 31. Kf3 Bxa3 32. Bxa3 Qxa3 33. Nd4 Qd6 34. Qe8+ Kg7 35. Ne6+ Kh6 36. Ng5 Qd3+ 37. Kg2 Qd5+ 38. Kh3 Kg7 39. Qe7+ Kg8 40. Ne6 Qf3 41. Qg7# 1-0